00543nam a2200181 a 4500008004100000020001500041050001400056100002000070245003100090250001200121260004400133300001400177350000900191500005600200650000800256650005400264700004300318120416s1980 ||||||||||||||||| || u a0538129808 aKB 60 Two aTwomey, David P10aLabour law and legislation a6th ed. aCincinattibSouth-western Pub. Coc1980 aix, 547p. a0.00 aFifth ed. (1975) by A. H. Myers. -Includes indexes. aLAW aLABOUR LAWS AND LEGISLATION--UNITED STATES--CASES aMyers, A. Howard (Aaron Howard), 1904-